| 000 | 00641cab a2200205 4500 | ||
|---|---|---|---|
| 001 | WB2627-13 | ||
| 008 | 090401t1990 xxu||||| |||| 00| 0 eng d | ||
| 035 | _a(Sirsi) u9434 | ||
| 041 | _aeng | ||
| 245 | _aBetter returns on pension funds | ||
| 260 | _c1990 | ||
| 350 | _a0 | ||
| 490 |
_aFinancial Times _v6/7/90 p10 |
||
| 520 | _aIn spite of property showing a negative return, the WM Company report that pension funds recorded an improved performance in the second quarter of this year. | ||
| 650 | _aINSTITUTIONS | ||
| 650 | _aINVESTMENT | ||
| 690 | _aPROPERTY-PROPERTY FINANCE AND INVESTMENT | ||
| 942 | _n0 | ||
| 948 | _c04/03/1997 | ||
| 999 |
_c5891 _d5891 |
||